[Event "Titled Tue 3rd Jun Early"]
[Site "chess.com INT"]
[Date "2025.06.03"]
[Round "5"]
[White "Sovetbekova, Nurai"]
[Black "Otdelnov, Kirill"]
[Result "1-0"]
[WhiteTitle "WFM"]
[BlackTitle "FM"]
[WhiteElo "2007"]
[BlackElo "2273"]
[WhiteFideId "13801910"]
[BlackFideId "24280216"]
[EventDate "2025.06.03"]

1. d4 d5 2. Nf3 Nf6 3. c4 e6 4. Nc3 c5 5. cxd5 Nxd5 6. Nxd5 Qxd5 7. e3 Nc6 8.
dxc5 Qxd1+ 9. Kxd1 Bxc5 10. Bd2 Ke7 11. Bc3 f6 12. Bb5 Bd7 13. Ke2 a6 14. Ba4
Rac8 15. Rhd1 e5 16. a3 Be6 17. Rac1 Kf7 18. Nd2 Ne7 19. Ne4 b5 20. Bc2 Nd5 21.
Be1 Be7 22. Bb1 Nb6 23. Rxc8 Rxc8 24. Nd6+ Bxd6 25. Rxd6 Rb8 26. Bxh7 f5 27.
Bg6+ Kf6 28. f4 Nc4 29. Bh4+ Kxg6 30. Rxe6+ Kf7 31. Rxa6 exf4 32. exf4 Nxb2 33.
Ra7+ Kg6 34. Ra6+ Kh7 35. Ra7 Kh6 36. Kf3 Rc8 37. g3 Rc3+ 38. Kg2 Nc4 39. Bg5+
Kg6 40. Ra6+ Kh7 41. Ra7 Rxa3 42. Rb7 Nd6 43. Rd7 Rd3 44. Bf6 Kg6 45. Bxg7 b4
46. Be5 b3 47. Bxd6 Rd2+ 48. Kh3 b2 49. Rb7 Rxd6 50. Rxb2 Re6 51. Rf2 Kh6 52.
Kg2 Kh5 53. h3 Re3 54. Rf3 Re2+ 55. Rf2 Re3 56. Rd2 Rc3 57. Kf2 Rb3 58. Re2 Rb1
59. Kf3 Rb3+ 60. Re3 Rb1 61. g4+ Kg6 62. Re6+ Kf7 63. gxf5 Rf1+ 64. Ke4 Rh1 65.
Rh6 Kg7 66. Rg6+ Kf7 67. Rg3 Re1+ 68. Kf3 Kf6 69. Kg4 Re8 70. h4 Rg8+ 71. Kf3
Rh8 72. Rg4 Kxf5 73. Rg5+ Kf6 74. Kg4 Ra8 75. Rb5 Ra1 76. Rb6+ Kf7 77. Kg5 Rg1+
78. Kf5 Rh1 79. Rb7+ Kf8 80. Kg5 Rg1+ 81. Kf6 Ke8 82. h5 Rh1 83. Kg6 Rg1+ 84.
Kf6 Rh1 85. Rh7 1-0

[Event "Titled Tue 3rd Jun Early"]
[Site "chess.com INT"]
[Date "2025.06.03"]
[Round "5"]
[White "Mendonca, Leon Luke"]
[Black "Kononenko, Dmitry2"]
[Result "1/2-1/2"]
[WhiteTitle "GM"]
[BlackTitle "FM"]
[WhiteElo "2630"]
[BlackElo "2205"]
[WhiteFideId "35028561"]
[BlackFideId "14113538"]
[EventDate "2025.06.03"]

1. c4 c5 2. Nf3 Nc6 3. b3 Nf6 4. Bb2 e6 5. g3 d5 6. cxd5 exd5 7. Bg2 d4 8. O-O
Bd6 9. Na3 O-O 10. Nc4 Bc7 11. e3 b5 12. Na3 Ba6 13. Rc1 Bb6 14. exd4 Nxd4 15.
Nxd4 cxd4 16. Qf3 Rc8 17. Qd3 Qd7 18. Rfe1 Rxc1 19. Rxc1 Rc8 20. Rxc8+ Qxc8 21.
Nxb5 h5 22. a4 h4 23. gxh4 Qg4 24. h3 Qd1+ 25. Bf1 Nd5 26. Bxd4 Nf4 27. Qe3
Nxh3+ 28. Qxh3 Bxb5 29. Bxb6 Bxf1 30. Qxf1 Qg4+ 31. Qg2 Qd1+ 32. Qf1 Qg4+ 33.
Qg2 Qd1+ 34. Kh2 axb6 35. Qd5 Qg4 36. Qd8+ Kh7 37. Qd3+ g6 38. Qg3 Qd4 39. d3
Qb4 40. d4 Qxd4 41. Kg2 Qe4+ 42. Qf3 Qb4 43. Qxf7+ Kh6 44. Qc4 Qd6 45. Qe4 Qd1
46. Qf3 Qd6 47. Qg3 Qc6+ 48. Qf3 Qd6 49. Kh3 Qe6+ 50. Qg4 Qxb3+ 51. Kg2 Qd5+ 52.
Kg3 Kh7 53. Qf4 Qb3+ 54. Kg2 Qd5+ 55. Kf1 Qd1+ 56. Kg2 Qd5+ 57. Kh2 Qd7 58. Kg3
Qd3+ 59. f3 Qd7 60. Qe4 Qd6+ 61. Kg2 Qd2+ 62. Kh3 Qd7+ 63. Kg3 Qd6+ 64. Kg4 Qd7+
65. Kf4 Qd6+ 66. Ke3 Qc5+ 67. Kd3 Qa3+ 68. Kc2 Qa2+ 69. Kd1 Qa1+ 70. Ke2 Qa2+
71. Kf1 Qa1+ 72. Kg2 Qb2+ 73. Kg3 Qc1 74. Qd4 Qe1+ 75. Kg2 Qe2+ 76. Kg3 Qe1+ 77.
Kg4 Qe6+ 78. Kf4 Qf5+ 79. Ke3 Qe6+ 80. Qe4 Qb3+ 81. Kf4 Qf7+ 82. Ke5 Qe7+ 83.
Kd5 Qd7+ 84. Ke5 Qe7+ 85. Kd4 Qb4+ 86. Ke3 Qc3+ 87. Kf2 Qd2+ 88. Kg3 Qd6+ 1/2-1/2

[Event "Titled Tue 3rd Jun Early"]
[Site "chess.com INT"]
[Date "2025.06.03"]
[Round "5"]
[White "Emeliantsev, Anatoliy"]
[Black "Tulendinov, Dinmukhammed"]
[Result "0-1"]
[WhiteTitle "FM"]
[BlackTitle "FM"]
[WhiteElo "2359"]
[BlackElo "2124"]
[WhiteFideId "4160681"]
[BlackFideId "13730860"]
[EventDate "2025.06.03"]

1. d4 Nf6 2. c4 e6 3. Nc3 Bb4 4. a3 Bxc3+ 5. bxc3 c5 6. e3 Nc6 7. Bd3 O-O 8. Ne2
d6 9. e4 e5 10. d5 Ne7 11. Ng3 b6 12. h4 Ne8 13. h5 h6 14. Be3 Kh8 15. Qd2 f5
16. exf5 Nf6 17. Bxh6 gxh6 18. Qxh6+ Kg8 19. Rh3 Rf7 20. Ne4 Nxf5 21. Qg5+ Kh8
22. h6 Bd7 23. Rf3 Nxe4 24. Qxd8+ Rxd8 25. Bxe4 Nxh6 26. Rxf7 Nxf7 27. Ke2 Ng5
28. Rh1+ Kg7 29. Bd3 Rh8 30. Rb1 Rh2 31. g3 Kf6 32. Ke3 Bf5 33. Bxf5 Kxf5 34. a4
Ne4 35. g4+ Kg5 36. Kxe4 Rxf2 37. a5 bxa5 38. Rb7 Ra2 39. Rxa7 Ra4 40. Kd3 Kxg4
41. Ra6 Kf3 42. Rxd6 e4+ 43. Kd2 Ra2+ 44. Kc1 e3 45. Rf6+ Ke4 46. Re6+ Kd3 47.
d6 Kxc4 48. Re4+ Kd3 49. d7 Kxe4 50. d8=Q Rd2 51. Qh4+ Kd3 52. Qg3 Rc2+ 53. Kd1
Rxc3 54. Qd6+ Kc4 55. Qa6+ Kb4 56. Qb6+ Ka3 57. Qxa5+ Kb3 58. Qb5+ Ka3 59. Qe2
Kb3 60. Qb5+ Ka3 61. Qa5+ Kb3 62. Ke2 c4 63. Qb5+ Ka3 64. Qb1 Rb3 65. Qc1+ Kb4
66. Qe1+ Kc5 67. Qc1 Kd4 68. Qd1+ Kc5 69. Qc1 Kb4 70. Qe1+ Ka3 71. Qa1+ Kb4 72.
Qd4 Ra3 73. Qd6+ Ka4 74. Qa6+ Kb4 75. Qb6+ Ka4 76. Qc6+ Kb4 77. Qb7+ Ka4 78. Qe4
Kb4 79. Qe7+ Ka4 80. Qa7+ Kb4 81. Qb6+ Ka4 82. Qc5 Kb3 83. Qb5+ Kc3 84. Kxe3 Rb3
85. Qe5+ Kc2+ 86. Kd4 c3 87. Qe2+ Kb1 88. Kc4 Ra3 89. Qd3+ Kb2 0-1

[Event "Titled Tue 3rd Jun Early"]
[Site "chess.com INT"]
[Date "2025.06.03"]
[Round "6"]
[White "Emujin Enkh-Amgalan"]
[Black "Cernov, Henrik"]
[Result "0-1"]
[WhiteTitle "WCM"]
[BlackTitle "FM"]
[WhiteElo "1917"]
[BlackElo "2325"]
[WhiteFideId "4908023"]
[BlackFideId "16258312"]
[EventDate "2025.06.03"]

1. d4 Nf6 2. c4 Nc6 3. d5 Ne5 4. b3 e6 5. Bb2 Bb4+ 6. Nd2 Ne4 7. Bxe5 Bxd2+ 8.
Qxd2 Nxd2 9. Kxd2 O-O 10. e4 d6 11. Bf4 Qf6 0-1

[Event "Titled Tue 3rd Jun Early"]
[Site "chess.com INT"]
[Date "2025.06.03"]
[Round "6"]
[White "Ternault, Mathieu"]
[Black "Loskutova, Viktoriya"]
[Result "1-0"]
[WhiteTitle "FM"]
[BlackTitle "WFM"]
[WhiteElo "2273"]
[BlackElo "2066"]
[WhiteFideId "20641532"]
[BlackFideId "34166278"]
[EventDate "2025.06.03"]

1. Nf3 Nf6 2. c4 g6 3. b3 Bg7 4. Bb2 O-O 5. g3 d6 6. d4 Nbd7 7. Bg2 Qe8 8. Nc3
a6 9. O-O e5 10. dxe5 Nxe5 11. Nxe5 1-0

[Event "Titled Tue 3rd Jun Early"]
[Site "chess.com INT"]
[Date "2025.06.03"]
[Round "6"]
[White "Carcamo, Matias"]
[Black "Petrus, Adrian"]
[Result "0-1"]
[BlackTitle "CM"]
[WhiteElo "2077"]
[BlackElo "2203"]
[WhiteFideId "115541"]
[BlackFideId "14573652"]
[EventDate "2025.06.03"]

1. e4 e5 2. Nf3 Nc6 3. Bb5 f5 4. exf5 e4 5. Qe2 Qe7 6. Bxc6 bxc6 7. Nd4 Nf6 8.
O-O Qc5 9. c3 a5 10. d3 Ba6 11. Rd1 O-O-O 12. Nb3 Qxf5 13. Nd4 Qe5 14. Qe1 Bd6
15. g3 Bxd3 16. Bf4 Qh5 17. Bxd6 Ng4 18. h3 Qxh3 0-1

[Event "Titled Tue 3rd Jun Early"]
[Site "chess.com INT"]
[Date "2025.06.03"]
[Round "6"]
[White "Behzad Nazif, Parva"]
[Black "Lezcano, Gustavo"]
[Result "1-0"]
[WhiteTitle "WIM"]
[WhiteElo "2090"]
[BlackElo "2007"]
[WhiteFideId "12563790"]
[BlackFideId "103306"]
[EventDate "2025.06.03"]

1. e4 Nc6 2. d4 d5 3. e5 Bf5 4. c3 e6 5. h3 Qd7 6. Nf3 O-O-O 7. Nbd2 a6 8. a4 f6
9. exf6 Nxf6 10. Be2 Bd6 11. b4 e5 12. b5 axb5 13. axb5 exd4 14. bxc6 Qxc6 15.
Nxd4 Qxc3 16. Ra8+ Kd7 17. Rxd8+ Rxd8 18. Nxf5 Re8 19. Nxg7 Ne4 20. Nxe8 1-0

[Event "Titled Tue 3rd Jun Early"]
[Site "chess.com INT"]
[Date "2025.06.03"]
[Round "6"]
[White "Keneshbekov, Elim"]
[Black "Sapocinic, Semion"]
[Result "1-0"]
[WhiteTitle "CM"]
[BlackTitle "FM"]
[WhiteElo "1867"]
[BlackElo "2309"]
[WhiteFideId "13816772"]
[BlackFideId "13908693"]
[EventDate "2025.06.03"]

1. e4 c5 2. Nf3 Nc6 3. c3 Nf6 4. e5 Nd5 5. d4 cxd4 6. cxd4 d6 7. exd6 Qxd6 8.
Nc3 Nxc3 9. bxc3 g6 10. Bd3 Bg7 11. O-O O-O 12. a4 Bg4 13. h3 Bxf3 14. Qxf3 Rfd8
15. Ba3 Qd7 16. Rfe1 e6 17. Bb5 Rac8 18. Rad1 a6 19. Bf1 Na5 20. Bb4 Nc4 21. d5
exd5 22. Re7 Qf5 23. Qxf5 gxf5 24. Rxb7 a5 25. Be7 Re8 26. Rxd5 Bxc3 27. Rxf5
Bb4 28. Rg5+ 1-0

[Event "Titled Tue 3rd Jun Early"]
[Site "chess.com INT"]
[Date "2025.06.03"]
[Round "6"]
[White "Logachiov, Aleksandr"]
[Black "Moskalenko, Alexander"]
[Result "0-1"]
[WhiteTitle "CM"]
[BlackTitle "GM"]
[WhiteElo "2129"]
[BlackElo "2422"]
[WhiteFideId "24123706"]
[BlackFideId "4155351"]
[EventDate "2025.06.03"]

1. d4 d5 2. c4 c6 3. Nf3 Nf6 4. Nc3 dxc4 5. a4 Bf5 6. Ne5 Nbd7 7. Nxc4 Nb6 8.
Ne5 a5 9. f3 Nfd7 10. Nxd7 Nxd7 11. e4 Bg6 12. Be3 e5 13. Bc4 Qb6 14. Qd2 O-O-O
15. O-O-O exd4 16. Bxd4 Bc5 17. Bxg7 Be3 18. Bxh8 Rxh8 0-1

[Event "Titled Tue 3rd Jun Early"]
[Site "chess.com INT"]
[Date "2025.06.03"]
[Round "6"]
[White "Bryakin, Mikhail"]
[Black "Haussernot, Cecile"]
[Result "0-1"]
[WhiteTitle "GM"]
[BlackTitle "WIM"]
[WhiteElo "2444"]
[BlackElo "2108"]
[WhiteFideId "4165314"]
[BlackFideId "601632"]
[EventDate "2025.06.03"]

1. e4 e5 2. d4 exd4 3. Qxd4 Nc6 4. Qd3 Nf6 5. Nc3 Bb4 6. Ne2 O-O 7. Bg5 Re8 8.
O-O-O d6 9. f4 h6 10. Bh4 Bxc3 11. Nxc3 Nb4 12. Qc4 a5 13. e5 g5 14. fxg5 Ng4
15. Qf4 Rxe5 16. gxh6 Qxh4 17. h3 Qf2 18. g3 Qxc2# 0-1

[Event "Titled Tue 3rd Jun Early"]
[Site "chess.com INT"]
[Date "2025.06.03"]
[Round "6"]
[White "Slovineanu, Viacheslav"]
[Black "Ejsymont, Blanka"]
[Result "1-0"]
[WhiteTitle "IM"]
[BlackTitle "WCM"]
[WhiteElo "2412"]
[BlackElo "1907"]
[WhiteFideId "13900510"]
[BlackFideId "21088268"]
[EventDate "2025.06.03"]

1. d4 d5 2. Nf3 Bf5 3. c4 c6 4. e3 e6 5. Nc3 Nf6 6. Nh4 Bg6 7. Nxg6 hxg6 8. g3
Bd6 9. Bg2 dxc4 10. O-O b5 11. e4 Bb4 12. e5 Nd5 13. Ne4 Nd7 14. Bg5 Qc7 15. a4
a6 16. Qe2 c5 17. Nd6+ Kf8 18. Bxd5 exd5 19. Qf3 cxd4 20. Qxf7# 1-0

[Event "Titled Tue 3rd Jun Early"]
[Site "chess.com INT"]
[Date "2025.06.03"]
[Round "6"]
[White "Pribelszky, Bence"]
[Black "Martin Fuentes, Alberto"]
[Result "1-0"]
[WhiteTitle "IM"]
[BlackTitle "FM"]
[WhiteElo "2400"]
[BlackElo "2376"]
[WhiteFideId "769738"]
[BlackFideId "2292289"]
[EventDate "2025.06.03"]

1. c4 Nf6 2. Nc3 c5 3. e4 d6 4. Nf3 Nc6 5. d4 cxd4 6. Nxd4 Bd7 7. Be2 g6 8. O-O
Bg7 9. Be3 O-O 10. f3 a5 11. Qd2 Nxd4 12. Bxd4 Bc6 13. Nd5 Bxd5 14. cxd5 Nd7 15.
Rfc1 Bxd4+ 16. Qxd4 Nc5 17. f4 f6 18. Kh1 Qb6 19. e5 fxe5 20. fxe5 Qb4 21. Rc4
Qb6 22. Bg4 Rad8 23. Be6+ Nxe6 24. Qxb6 Nc5 25. h3 Rc8 26. exd6 exd6 27. Qxd6
Ne4 28. Qe6+ 1-0

[Event "Titled Tue 3rd Jun Early"]
[Site "chess.com INT"]
[Date "2025.06.03"]
[Round "6"]
[White "Fernandez Siles, Luis"]
[Black "Levitan, Caleb Levi"]
[Result "0-1"]
[WhiteTitle "FM"]
[BlackTitle "FM"]
[WhiteElo "2170"]
[BlackElo "2333"]
[WhiteFideId "2209420"]
[BlackFideId "14332620"]
[EventDate "2025.06.03"]

1. e4 c5 2. Nf3 e6 3. c3 Nf6 4. e5 Nd5 5. Bc4 d6 6. d4 cxd4 7. cxd4 Be7 8. O-O
O-O 9. Qe2 dxe5 10. dxe5 Bd7 11. Bxd5 exd5 12. Nc3 Bg4 13. h3 Bxf3 14. Qxf3 d4
15. Qxb7 dxc3 16. Qxa8 cxb2 17. Bxb2 Qb6 18. Rab1 Nc6 19. Ba3 Rxa8 20. Rxb6 axb6
21. Bxe7 Nxe7 0-1

[Event "Titled Tue 3rd Jun Early"]
[Site "chess.com INT"]
[Date "2025.06.03"]
[Round "6"]
[White "Ilinca, Felix-Antonio"]
[Black "Paravyan, David"]
[Result "1/2-1/2"]
[WhiteTitle "IM"]
[BlackTitle "GM"]
[WhiteElo "2420"]
[BlackElo "2596"]
[WhiteFideId "54764998"]
[BlackFideId "4194985"]
[EventDate "2025.06.03"]

1. d4 d5 2. Nc3 Bf5 3. Bf4 e6 4. e3 Bd6 5. Bxd6 cxd6 6. Bd3 Bxd3 7. cxd3 Nc6 8.
Nf3 Nf6 9. O-O O-O 10. a3 a6 11. b4 Rc8 12. Rc1 Qb6 13. Qb3 Rc7 14. Rc2 Rfc8 15.
Rfc1 h6 16. h3 Nd7 17. Ne2 Na7 18. Rxc7 Rxc7 19. Rxc7 Qxc7 20. a4 a5 21. bxa5
Nc6 22. a6 bxa6 23. Nc3 Na5 24. Qb4 Nc6 25. Qb3 Na5 26. Qb4 Nc6 27. Qb3 1/2-1/2

[Event "Titled Tue 3rd Jun Early"]
[Site "chess.com INT"]
[Date "2025.06.03"]
[Round "6"]
[White "Klukin, Kirill"]
[Black "Antoniou, Rafail"]
[Result "1-0"]
[WhiteTitle "IM"]
[BlackTitle "CM"]
[WhiteElo "2407"]
[BlackElo "2134"]
[WhiteFideId "24199273"]
[BlackFideId "5904390"]
[EventDate "2025.06.03"]

1. d4 d5 2. c4 e6 3. Nc3 Nf6 4. cxd5 exd5 5. Bg5 c6 6. e3 Be6 7. Bd3 Nbd7 8. Nf3
h6 9. Bh4 g5 10. Bg3 Nh5 11. Be5 Nhf6 12. h3 Nxe5 13. Nxe5 Bd6 14. f4 gxf4 15.
exf4 Qb6 16. O-O Qxd4+ 17. Kh1 Bxe5 18. fxe5 Qxe5 19. Qf3 Nd7 20. Rae1 Qd6 21.
Qxf7+ Kd8 22. Rxe6 Qg3 23. Re7 Qd6 24. Rfe1 Kc7 25. Rxd7+ 1-0

[Event "Titled Tue 3rd Jun Early"]
[Site "chess.com INT"]
[Date "2025.06.03"]
[Round "6"]
[White "Sethuraman, Roshan"]
[Black "Vyom Malhotra"]
[Result "1-0"]
[BlackTitle "CM"]
[WhiteElo "2074"]
[BlackElo "1975"]
[WhiteFideId "30965250"]
[BlackFideId "33383561"]
[EventDate "2025.06.03"]

1. e4 e5 2. Nf3 d6 3. d4 Nd7 4. dxe5 Nxe5 5. Nxe5 dxe5 6. Qxd8+ Kxd8 7. Nc3 c6
8. Be3 f6 9. Bc4 Kc7 10. O-O Bb4 11. Ne2 Ne7 12. c3 Bd6 13. Rad1 Bg4 14. f3 Bh5
15. Rd2 Rhd8 16. Rfd1 a5 17. a4 g5 18. Kf2 g4 19. Ng3 Bg6 20. fxg4 Rab8 21. Nf5
Bxf5 22. gxf5 b5 23. Bb3 Nc8 24. axb5 cxb5 25. Be6 Nb6 26. Kf3 a4 27. h4 Nc4 28.
Bxc4 bxc4 29. g4 Rb3 30. g5 Be7 31. Rxd8 Bxd8 32. g6 hxg6 33. fxg6 Be7 34. g7
Rb8 35. h5 a3 36. bxa3 Bxa3 37. h6 Bb2 38. h7 Bxc3 39. g8=Q Rxg8 40. hxg8=Q Bd4
41. Qxc4+ Kd8 42. Bxd4 exd4 43. Rxd4+ Ke7 44. Qc7+ Ke6 45. Rd6+ Ke5 46. Qc5# 1-0

[Event "Titled Tue 3rd Jun Early"]
[Site "chess.com INT"]
[Date "2025.06.03"]
[Round "6"]
[White "Salonen, Aku"]
[Black "Demchenko, Yaroslav"]
[Result "1-0"]
[WhiteTitle "FM"]
[BlackTitle "CM"]
[WhiteElo "2314"]
[BlackElo "2286"]
[WhiteFideId "517577"]
[BlackFideId "14186667"]
[EventDate "2025.06.03"]

1. e4 e6 2. d4 d5 3. Nd2 c5 4. Ngf3 cxd4 5. Nxd4 Nc6 6. Bb5 Bd7 7. Nxc6 bxc6 8.
Bd3 Bd6 9. O-O Ne7 10. c4 O-O 11. Qe2 Qc7 12. Nf3 Ng6 13. g3 dxe4 14. Qxe4 f5
15. Qe2 e5 16. c5 Bxc5 17. Bc4+ Kh8 18. Ng5 e4 19. Qh5 1-0

[Event "Titled Tue 3rd Jun Early"]
[Site "chess.com INT"]
[Date "2025.06.03"]
[Round "6"]
[White "Saydaliev, Saidakbar"]
[Black "Diachek, Andrii"]
[Result "1-0"]
[WhiteTitle "IM"]
[BlackTitle "CM"]
[WhiteElo "2460"]
[BlackElo "2226"]
[WhiteFideId "14203693"]
[BlackFideId "34106499"]
[EventDate "2025.06.03"]

1. Nf3 d5 2. g3 Nf6 3. Bg2 c6 4. O-O Bg4 5. h3 Bh5 6. d4 e6 7. c4 Nbd7 8. cxd5
exd5 9. Ne5 Nxe5 10. dxe5 Nd7 11. f4 Bc5+ 12. Kh1 f5 13. Nc3 O-O 14. Na4 Be7 15.
Be3 Bf7 16. Qd2 Be6 17. Rac1 Rc8 18. Bg1 b5 19. Nc5 Nxc5 20. Bxc5 Bxc5 21. Rxc5
Qb6 22. Rfc1 b4 23. Qc2 Bd7 24. Qa4 Rb8 25. Bxd5+ cxd5 26. Qxd7 d4 27. Qxd4 Rbc8
28. Qc4+ Kh8 29. Rxc8 1-0

[Event "Titled Tue 3rd Jun Early"]
[Site "chess.com INT"]
[Date "2025.06.03"]
[Round "6"]
[White "Heimann, Alexander"]
[Black "Bolashakov, Nurali"]
[Result "1-0"]
[BlackTitle "CM"]
[WhiteElo "2238"]
[BlackElo "2184"]
[WhiteFideId "2006073"]
[BlackFideId "13792105"]
[EventDate "2025.06.03"]

1. e4 c5 2. Nf3 d6 3. Bb5+ Bd7 4. a4 Nf6 5. d3 g6 6. O-O Bg7 7. Re1 a6 8. Bc4
O-O 9. Bg5 Nc6 10. c3 h6 11. Bh4 e5 12. Nbd2 g5 13. Bg3 Nh5 14. Nxe5 Nxe5 15.
Bxe5 dxe5 16. Qxh5 Qc8 17. h3 Kh8 18. Nf3 Bf6 19. Qxh6+ Kg8 20. Qxf6 Be6 21.
Nxg5 Re8 22. Bxe6 Qxe6 23. Nxe6 Rxe6 24. Qf5 Rae8 25. Re3 Kf8 26. Rf3 Ke7 27.
Qxf7+ Kd6 28. Qxb7 R8e7 29. Qxa6+ Kd7 30. Qb7+ Kd6 31. Qd5+ Kc7 32. Qxc5+ Kd7
33. a5 Rg6 34. a6 Rxg2+ 35. Kxg2 Rg7+ 36. Kh2 Rg2+ 37. Kxg2 1-0

[Event "Titled Tue 3rd Jun Early"]
[Site "chess.com INT"]
[Date "2025.06.03"]
[Round "6"]
[White "Sklokin, Sergey"]
[Black "Sindarov, Islombek"]
[Result "1-0"]
[WhiteTitle "FM"]
[BlackTitle "CM"]
[WhiteElo "2311"]
[BlackElo "2129"]
[WhiteFideId "55730230"]
[BlackFideId "14205475"]
[EventDate "2025.06.03"]

1. d4 g6 2. c4 Bg7 3. Nf3 c5 4. e3 Nf6 5. Be2 O-O 6. dxc5 Qa5+ 7. Nbd2 Qxc5 8.
O-O d6 9. a3 Nc6 10. b4 Qb6 11. Bb2 Bf5 12. Rc1 a5 13. b5 Nd8 14. Bd4 Qc7 15. c5
Ne6 16. c6 b6 17. Bb2 Nc5 18. Nb3 Rfd8 19. Nxc5 dxc5 20. Qb3 a4 21. Qa2 Be6 22.
Bc4 Bg4 23. Bxf7+ Kh8 24. Ne5 Rd2 25. Be6 Rxb2 26. Nf7+ Kg8 27. Ng5+ Kh8 28.
Qxb2 h6 29. Bxg4 Nxg4 30. Qxg7+ Kxg7 31. Ne6+ 1-0

[Event "Titled Tue 3rd Jun Early"]
[Site "chess.com INT"]
[Date "2025.06.03"]
[Round "6"]
[White "Nagare Kaivalya Sandip"]
[Black "Kislinsky, Alexey"]
[Result "0-1"]
[WhiteTitle "FM"]
[BlackTitle "GM"]
[WhiteElo "2321"]
[BlackElo "2350"]
[WhiteFideId "25957929"]
[BlackFideId "14108801"]
[EventDate "2025.06.03"]

1. e4 c5 2. Nf3 Nc6 3. Bb5 g6 4. Bxc6 dxc6 5. d3 Bg7 6. Nc3 b6 7. Be3 h6 8. Qd2
e5 9. O-O-O Bg4 10. Qe2 Ne7 11. h3 Bxf3 12. Qxf3 Qc7 13. g4 h5 14. Ne2 a5 15.
gxh5 Rxh5 16. Ng3 Rh7 17. h4 Bh6 18. Bxh6 Rxh6 19. h5 g5 20. Nf1 f6 21. Ne3
O-O-O 22. Ng4 Rdh8 23. Nxf6 Rf8 24. Qh3+ Kb7 25. Ng4 Rh7 26. h6 Ng6 27. Ne3 Rxf2
28. Qg3 Qf7 29. Qxg5 Qxa2 0-1

[Event "Titled Tue 3rd Jun Early"]
[Site "chess.com INT"]
[Date "2025.06.03"]
[Round "6"]
[White "Kshatriya, Nitin Vekhande"]
[Black "Dicen, Elis Denele"]
[Result "1-0"]
[WhiteTitle "FM"]
[BlackTitle "WFM"]
[WhiteElo "2255"]
[BlackElo "2135"]
[WhiteFideId "45075530"]
[BlackFideId "462560"]
[EventDate "2025.06.03"]

1. e4 c6 2. d4 d5 3. exd5 cxd5 4. Bd3 Nc6 5. c3 Nf6 6. Bf4 Bg4 7. Qb3 Qd7 8. Nd2
e6 9. Ngf3 Bd6 10. Bxd6 Qxd6 11. O-O O-O 12. Rae1 Bh5 13. Ne5 Rab8 14. f4 Nd7
15. Qc2 Bg6 16. Bxg6 hxg6 17. Re3 Rbc8 18. Qd3 Ne7 19. Rh3 Nf5 20. g4 Nh6 21.
Ndf3 Rfd8 22. g5 Nf5 23. Rh8+ Kxh8 24. Nxf7+ Kh7 25. Nxd6 Nxd6 26. Re1 Nf5 27.
Rxe6 Nf8 28. Re5 Re8 29. h4 Ne6 30. h5 Nxf4 31. hxg6+ Kxg6 32. Qxf5+ Kh5 33. g6+
Kh6 34. Qg5# 1-0

[Event "Titled Tue 3rd Jun Early"]
[Site "chess.com INT"]
[Date "2025.06.03"]
[Round "6"]
[White "Ostensen, Nicolai Maxime"]
[Black "Sanal, Vahap"]
[Result "0-1"]
[WhiteTitle "FM"]
[BlackTitle "GM"]
[WhiteElo "2283"]
[BlackElo "2555"]
[WhiteFideId "1546970"]
[BlackFideId "6300545"]
[EventDate "2025.06.03"]

1. e4 e5 2. Nf3 Nc6 3. Nc3 Nf6 4. a3 d5 5. Bb5 Nxe4 6. Qe2 Qd6 7. Nxe4 dxe4 8.
Qxe4 Bd7 9. O-O O-O-O 10. b4 f5 11. Qe2 e4 12. Ng5 Qf6 13. d4 Nxd4 14. Bxd7+
Rxd7 15. Qc4 b5 16. Qa2 Ne2+ 17. Kh1 Nxc1 18. Raxc1 Qxg5 19. c4 Bd6 20. c5 Bf4
21. Rcd1 Qh5 22. g3 Rxd1 23. Qe6+ Kb8 24. Qa6 Rxf1+ 25. Kg2 Rxf2+ 26. Kxf2 Qxh2+
27. Kf1 Qh1+ 28. Ke2 Qg2+ 29. Ke1 Bxg3+ 30. Kd1 Rd8+ 31. Kc1 Bf4+ 32. Kb1 Rd1# 0-1

[Event "Titled Tue 3rd Jun Early"]
[Site "chess.com INT"]
[Date "2025.06.03"]
[Round "6"]
[White "Kleimenov, Nikolay"]
[Black "Dogan, Umut Anil"]
[Result "1-0"]
[WhiteTitle "CM"]
[BlackTitle "CM"]
[WhiteElo "2198"]
[BlackElo "2123"]
[WhiteFideId "34414223"]
[BlackFideId "51618060"]
[EventDate "2025.06.03"]

1. e4 Nc6 2. Nf3 g6 3. d4 Bg7 4. Nc3 d6 5. Be3 a6 6. Qd2 b5 7. a3 Nf6 8. h3 Bb7
9. O-O-O Nd7 10. Bh6 Bf6 11. Nd5 Nb6 12. Nxf6+ exf6 13. Bg7 Rg8 14. Qh6 Qe7 15.
Qxh7 O-O-O 16. Bd3 Na5 17. Rhe1 Nac4 18. b3 Nxa3 19. e5 dxe5 20. dxe5 fxe5 21.
Bxe5 Qb4 22. Qxf7 Bd5 23. Qxc7# 1-0

[Event "Titled Tue 3rd Jun Early"]
[Site "chess.com INT"]
[Date "2025.06.03"]
[Round "6"]
[White "Modric, Nesa"]
[Black "Rees, Ioan"]
[Result "0-1"]
[WhiteTitle "CM"]
[BlackTitle "FM"]
[WhiteElo "2088"]
[BlackElo "2288"]
[WhiteFideId "922579"]
[BlackFideId "1801236"]
[EventDate "2025.06.03"]

1. d4 Nf6 2. Bg5 c5 3. Bxf6 gxf6 4. d5 Qb6 5. Nd2 d6 6. Nc4 Qb4+ 7. Nd2 Qxb2 8.
e4 Bh6 9. Ngf3 f5 10. Bd3 Rg8 11. O-O Qg7 12. g3 f4 13. Re1 Nd7 14. Bb5 Kf8 15.
Bxd7 Bxd7 16. e5 fxg3 17. hxg3 Bg4 18. exd6 Bxd2 19. dxe7+ Ke8 20. Qxd2 Bxf3 21.
Qd3 Qg4 22. Re3 c4 23. Qxh7 Bxd5 24. Rd1 Qxd1+ 25. Kh2 Qh1# 0-1

[Event "Titled Tue 3rd Jun Early"]
[Site "chess.com INT"]
[Date "2025.06.03"]
[Round "6"]
[White "Sharshenbekov, Emir"]
[Black "Terkiewicz, Bruno"]
[Result "1-0"]
[WhiteTitle "CM"]
[BlackTitle "CM"]
[WhiteElo "2091"]
[BlackElo "2183"]
[WhiteFideId "13810634"]
[BlackFideId "21093245"]
[EventDate "2025.06.03"]

1. e4 c5 2. Nf3 d6 3. Bb5+ Nd7 4. O-O a6 5. Bd3 b5 6. c3 Bb7 7. a4 c4 8. Bc2
Ngf6 9. Re1 g6 10. axb5 axb5 11. Rxa8 Qxa8 12. Na3 Ba6 13. d4 cxd3 14. Bxd3 Nc5
15. Bxb5+ Bxb5 16. Nxb5 Qb7 17. c4 Nfxe4 18. b4 Na6 19. Qd4 1-0